| 000 | 01606cam0 2200349 ib4500 | ||
|---|---|---|---|
| 001 | BY-MI0004-br52578 | ||
| 005 | 20260319113524.0 | ||
| 010 |
^a978-5-389-16105-4 ^d15 р. |
||
| 035 | ^a(BY-MI0004)BY-MI0004-br52578 | ||
| 100 | ^a20260226d2024 b y0rusy50 ca | ||
| 101 | 0 | ^arus | |
| 102 | ^aRU | ||
| 105 | ^aa z 000ay | ||
| 109 | ^ama | ||
| 200 | 1 |
^aПриключения Васи Куролесова ^eповесть ^e[для среднего школьного возраста] ^fЮрий Коваль ^gхудожник Елена Муратова ^g[вступительная статья Н. Дровалевой] |
|
| 210 |
^aМосква ^cМахаон ^d2024 |
||
| 215 |
^a141, [2] с. ^cил. ^d22 см. |
||
| 225 | 1 | ^aЧтение - лучшее учение | |
| 333 | ^a0 + | ||
| 345 | ^95000 экз. (дополнительный тираж) | ||
| 606 |
^aХУДОЖЕСТВЕННАЯ ЛИТЕРАТУРА ^3BY-NLB-ar37179 ^2DVNLB |
||
| 608 |
^aПОВЕСТЬ ^3BY-NLB-ar23936 ^2BYGNR |
||
| 608 |
^aИЗДАНИЕ ДЛЯ ДЕТЕЙ И ЮНОШЕСТВА ^3BY-NLB-ar3269462 ^2BYGNR |
||
| 686 |
^a84(2Рос)6 ^2rubbk |
||
| 690 |
^a1 ^2Base ^9BY-MI0004 ^xRSEK |
||
| 700 | 1 |
^aКоваль ^bЮ. И. ^gЮрий Иосифович ^f1938-1995 ^3BY-NLB-ar112097 |
|
| 702 | 1 |
^aМуратова ^bЕ. Л. ^gЕкатерина Леонидовна ^cхудожник ^3BY-SEK-ar14974172 |
|
| 702 | 1 |
^aДровалёва ^gН. ^4080 |
|
| 801 | 0 |
^aBY ^bBY-MI0004 ^c20260226 ^gRCR |
|
| 899 |
^aBY-MI0004 ^h84(2Рос)6 ^iК 56 |
||